Literary history of England, V3- The Restoration and eighteenth century (1660-1789) (Record no. 181376)

MARC details
000 -LEADER
fixed length control field 00411nam a2200145Ia 4500
008 - FIXED-LENGTH DATA ELEMENTS--GENERAL INFORMATION
fixed length control field 230917s9999||||xx |||||||||||||| ||und||
040 ## - CATALOGING SOURCE
-- 234833
Original cataloging agency VIVEKANANDA LIBRARY
041 ## - Language
-- English
082 ## - DDC NUMBER
Classification number 820.9 B326L
100 ## - MAIN ENTRY--PERSONAL NAME
Personal name Baugh, Albert C, ed.
245 #0 - TITLE STATEMENT
Title Literary history of England, V3- The Restoration and eighteenth century (1660-1789)
260 ## - PUBLICATION, DISTRIBUTION, ETC. (IMPRINT)
Place of publication, distribution, etc London
Name of publisher, distributor, etc Routledge
Date of publication, distribution, etc 1975
300 ## - PHYSICAL DESCRIPTION
Pages 1108 p.
942 ## - ADDED ENTRY ELEMENTS (KOHA)
Koha item type Books
Holdings
Withdrawn status Lost status Damaged status Not for loan Location (home branch) Sublocation or collection (holding branch) Date acquired Koha issues (times borrowed) Koha full call number Accession No. Koha date last seen Koha item type
        VIVEKANANDA LIBRARY VIVEKANANDA LIBRARY 01/09/2016   820.9 B326L 36042 17/09/2023 Books
© Designed and Maintained by Vivekananda Library, MDU Rohtak